| 000 | 00982cam a22002651 4500 | ||
|---|---|---|---|
| 003 | OSt | ||
| 005 | 20150810180024.0 | ||
| 008 | 750903|19671966xx 000 0 spa | ||
| 020 | _a968-18-0059-1 (1ª parte) | ||
| 020 | _a968-18-0273-X (2ª parte) | ||
| 040 | _cBMC | ||
| 082 | _a658.04 | ||
| 100 | 1 |
_aReyes Ponce, Agustín _98449 |
|
| 245 | 1 | 0 |
_aAdministración de empresas _bteoría y práctica |
| 250 | _a1ª ed | ||
| 260 |
_aMéxico D.F. [etc.] _bLimusa _c1992 |
||
| 300 |
_a2 v. _c23 cm |
||
| 500 | _aInventario nº 1023419 : Ejemp. es fotocopia y enc. en pasta dura | ||
| 500 | _anventario nº 1023420 : Ejemp. es fotocopia y enc. en pasta dura | ||
| 500 | _anventario nº 1023421 : Ejemp. es fotocopia y enc. en pasta dura | ||
| 500 | _anventario nº 1023422 : Ejemp. es fotocopia y enc. en pasta dura | ||
| 505 | _aPrimera parte: 1ª ed. 38ª reimp - Segunda parte: 1ª ed. 27ª reimp | ||
| 650 | 2 | 4 |
_93341 _aGestión de empresas |
| 942 |
_2ddc _cBK _hahoj |
||
| 999 |
_c14398 _d14398 |
||